000 00722nam a22002890a 4500
001 PT60815
003 AR-LpoUNG
005 20210131232015.0
008 191001s2011||||ag |||||||||||||||||spa d
020 _a9789871741052
_c$20.34
040 _aAR-LpoUNG
_bspa
_cAR-LpoUNG
_eaacr
041 _aspa
044 _aag
082 0 _aA861 722ant
100 1 _aMolinari, Kato
245 1 0 _aAntología :
_b(1972-2004)
250 _a1ra. ed.
260 _aBuenos Aires :
_bBiblioteca Nacional,
_c2011.
300 _a196 p. :
_bfot.
650 4 _aARGENTINA
650 4 _aLITERATURA
650 4 _aPOESIA
653 _aLITERATURA ARGENTINA
700 1 _aGonzález, Horacio
_epról.
905 _a60815
942 _cLIB
999 _c13175
_d13175